02384nab a2200277uuc4500001000800000005001700008008004100025035001200066035002100078040001300099041000800112100005100120245012100171520139600292650002701688650003901715650003301754650001201787650001301799700004401812700004301856700003901899700003901938700004601977773008302023124577320240202102720.0110617m01uu2010 spa  a1245773 a(OCoLC)820586430 ccomduadb aspa10aGómez Hernández, Diana Alexandra4auteaut10aResistencia a la corrosión de recubrimientos a base de titanio y circonio producidos por magnetrón sputtering DC3 aSe depositaron recubrimientos de nitruro de titanio (TiN y TiN/Ti) y nitruro de titanio circonio (TiZrN) sobre aceros AISI 304 y 316L por medio de la técnica magnetrón Sputtering DC para evaluar sus propiedades superficiales y mecánicas, así como la resistencia a la corrosión. El análisis estructural realizado por medio de difracción de rayos X (XRD) mostró que todos los materiales estudiados cristalizaron en una estructura f.c.c, con orientación preferencial en plano de Bragg (111); el recubrimiento de TiZrN, muestra estrés a la compresión por la inclusión de átomos de Zr en la estructura del TiN y se observa ensanchamiento en los picos de difracción debido a la presencia de TiN en la película. Las características superficiales medidas por perfilometría (rugosidad Ra) y espesor) muestran valores de Ra inferiores a 100 nm, típicos de capas delgadas sintetizadas por este método. Los espesores obtenidos varían desde 364,50 nm hasta 580,25 nm. Usando nanoindentación se obtuvieron valores de dureza de capa de TiN, TiN/Ti y TiZrN de 16,173, 18,524 y 17,307 Gpa respectivamente; la evaluación de la resistencia a la corrosión (polarización tafel) muestra que la velocidad de corrosión del acero disminuye cuando la superficie es protegida con un recubrimiento, hecho que se determinó por la reducción de la tasa de corrosión. aMagnetrón sputtering aRecubrimientos - Características aResistencia a la corrosión aTitanio aCirconio10aJurado Ortiz, Paola Alejandra4auteaut10aDe la Roche Yepes, Jhonattan4auteaut10aRuden Muñoz, Alexander4auteaut10aSequeda Osorio, Federico4auteaut10aGonzález Carmona, Juan Manuel4auteaut0 tInformador Técnico (Cali)gNo. 74, Ene. 2010, 39-43w121056z0122056X069439